| 000 | 00517nam a2200217Ia 4500 | ||
|---|---|---|---|
| 008 | 170918s9999 xx 000 0 und d | ||
| 020 | _a9780545474719 | ||
| 050 | _bC184 2008 | ||
| 100 | _aCammuso, Frank | ||
| 245 | _aOtto's orange day : | ||
| 245 | _ba toon book / | ||
| 245 | _cKrank Cammuso and Jay Lynch. | ||
| 260 | _aNew York : | ||
| 260 | _bScholastic, | ||
| 260 | _c2008 | ||
| 300 | _a37 pages : | ||
| 300 | _bcolored illustration ; | ||
| 300 | _c23cm. | ||
| 440 | _aLevel 3. | ||
| 500 | _a230 | ||
| 999 |
_c341057 _d341057 |
||